| 000 | 00771nam a2200229 i 4500 | ||
|---|---|---|---|
| 001 | 189731 | ||
| 003 | ES-MaACL | ||
| 005 | 20230906223536.0 | ||
| 007 | t| | ||
| 008 | 191002s1969 sp r ||||1| spa d | ||
| 100 | 1 |
_aGelenczei, Emil. _9168420 |
|
| 245 | 1 | 0 |
_a200 celadas de apertura / _cEmil Gelenczei ; [traducción de Mariano Orta Manzano ; revisión técnica de Ramón Crusi Moré]. |
| 260 |
_aBarcelona : _bMartínez Roca, _c1969. |
||
| 300 |
_a158 p. : _bil. ; _c21 cm. |
||
| 490 | 1 |
_aColección Escaques ; _v24 |
|
| 650 | 0 | 4 |
_aAjedrez- _xAperturas. _99708 |
| 700 | 1 |
_aOrta Manzano, Mariano. _987384 |
|
| 700 | 1 |
_aCrusi Moré, Ramón. _9168419 |
|
| 830 | 0 |
_aColección Escaques ; _v24 _9183705 |
|
| 852 |
_aES-MaACL _jP-864-Bis-5 |
||
| 999 |
_c189731 _d189731 |
||